000 00574nam a2200229Ia 4500
003 OSt
005 20220918201814.0
006 a|||||r|||| 00| 0
007 ta
008 220917b |||||||| |||| 00| 0 eng d
024 _a96,590
037 _cTextual
040 _aARTS
_cARTS
_beng
041 _2eng
_aeng
082 _aV2:21wL51, J0
100 _aMahmud Husain
_9100775
245 0 _aDreams of Tipu Sultan tr from Persian
260 _c1950
650 _aHISTORY
942 _hV2:21wL51, J0
_cTEXL
_2CC
999 _c220199
_d220199